Introduction to Mass Communication and Journalism (Record no. 2736)
[ view plain ]
| 000 -LEADER | |
|---|---|
| fixed length control field | 00584nam a22001457a 4500 |
| 020 ## - INTERNATIONAL STANDARD BOOK NUMBER | |
| International Standard Book Number | 9789351112136 |
| 082 ## - DEWEY DECIMAL CLASSIFICATION NUMBER | |
| Classification number | 016.3011 |
| 100 ## - MAIN ENTRY--PERSONAL NAME | |
| Personal name | Javed shaikh |
| 245 ## - TITLE STATEMENT | |
| Title | Introduction to Mass Communication and Journalism |
| 260 ## - PUBLICATION, DISTRIBUTION, ETC. | |
| Place of publication, distribution, etc. | New Delhi |
| Name of publisher, distributor, etc. | Random publications |
| Date of publication, distribution, etc. | 2015 |
| 300 ## - PHYSICAL DESCRIPTION | |
| Extent | 289p |
| 942 ## - ADDED ENTRY ELEMENTS (KOHA) | |
| Koha item type | Book |
| Withdrawn status | Lost status | Damaged status | Not for loan | Collection code | Permanent Location | Current Location | Shelving location | Date acquired | Total Checkouts | Full call number | Barcode | Date last seen | Price effective from | Koha item type |
|---|---|---|---|---|---|---|---|---|---|---|---|---|---|---|
| Central Library (CL) | Central Library (CL) | First Floor - Journalism | 03/16/2016 | 016.3011 SHA | S3H-S-438 | 03/16/2016 | 03/16/2016 | Book | ||||||
| Central Library (CL) | Central Library (CL) | First Floor - Journalism | 04/01/2016 | 016.3011 SHA | S3H-S-698 | 04/01/2016 | 04/01/2016 | Book |
